000 00369nam a2200145Ia 4500
008 230917s9999||||xx |||||||||||||| ||und||
040 _e181382
_aMAIN
041 _aEnglish
082 _a294.594 D448R
100 _aDerrett, J Durican M
245 0 _aReligion, law and the state in India
260 _aLondon
_bFaber & Faber
_c1968
300 _a615 p.
942 _cBK
999 _c187886
_d187886